00427nam a2200157 a 45000010005000000030009000050080041000140400028000550820017000831000033001002450025001332600036001583000010001944900027002046500038002314853CO-ViMGA141112s2004 ck r 000 u spa d aCO-ViMGAbspacCO-ViMGA04aCo861.4 B16c1 aCuberos de Valencia, Beatriz10aPorfirio Barba Jacob aBogotá : bProcultura, c1989 a121 p aClásicos colombianos14aBARBA JACOB, PORFIRIO 1883 - 1942